000 00489nam a2200181 a 4500
008 010115s1988 m yxo 0 slo c
040 _aSNK
_bslo
_cSNK
_eAACR2
041 1 _aslo
044 _axo
_cSK
100 1 _aGajdoš, A.
_4aut
245 1 0 _aŠportová gymnastika
_cS. Gájer, X. Rovná, B. Hatiar
260 _aBratislava
_bŠport
_c1988
700 1 _aRovná, Xénia
_4aut
700 1 _aHatiar, Bohuš
_4aut
760 1 _tVysokoškolské učebné texty
020 _c19
958 _aA
999 _c19311
_d19311